Statistics for Los Angeles Clippers Trivia

Click here to take the quiz!

General Stats

  • This quiz has been taken 1,263 times
    (490 since last reset)
  • The average score is 9 of 12

Answer Stats

HintAnswer% Correct
Player acquired from the Raptors in 2019 who many people thought could lead
the Clippers to a championship
Kawhi Leonard
97%
Player who joined the team in 2019 and wears #13Paul George
97%
Clippers players who were All-Stars during the 2010sChris Paul
92%
Clippers players who were All-Stars during the 2010sBlake Griffin
88%
Nickname the team acquired in the 2010s because of its many alley-oop dunks{Lob} City
82%
Clippers players who were All-Stars during the 2010sDeAndre Jordan
79%
Arena shared by the Clippers and LakersThe {Staples} Center
79%
Current center who comes from BosniaIvan Zubac
76%
Current head coach of the ClippersTyronn Lue
69%
Name one of the cities that the team called home before moving to Los Angeles in 1984Buffalo | San Diego
62%
A clipper is a type of ____Sailboat
49%
Owner of the ClippersSteve Ballmer
43%

Score Distribution

Percentile by Number Answered

Percent of People with Each Score

Your Score History

You have not taken this quiz since the last reset